| Поле | Название | Значение |
| |
Тип записи |
a |
| |
Библиографический уровень |
m |
| 001 |
Контрольный номер |
RU\NLR\bibl\1364740 |
| 005 |
Дата корректировки |
20180510182134.8 |
| 010 |
Индекс ISBN |
__ |
| a |
ISBN |
978-5-17-057740-8 (АСТ) |
| 010 |
Индекс ISBN |
__ |
| a |
ISBN |
978-5-93878-860-2 (Прайм-Еврознак) |
| d |
Цена |
50-00 |
| 021 |
№ государственной регистрации |
__ |
| b |
№ документа |
09-17426 |
| b |
№ документа |
1033 |
| 100 |
Данные общей обработки |
__ |
| a |
Данные общей обработки |
19090311d2009 |||y0rusy0189 ca |
| 101 |
Язык документа |
__ |
| a |
Язык текста |
rus |
| 102 |
Страна публикации |
__ |
| a |
Страна публикации |
RU |
| 102 |
Страна публикации |
__ |
| a |
Страна публикации |
RU |
| 105 |
Кодированные данные (монография) |
__ |
| a |
Кодированные данные (монография) |
y |||||||zy |
| 200 |
Заглавие и сведения об ответственности |
__ |
| a |
Заглавие |
Большая книга народного знахаря |
| e |
Сведения, относящиеся к заглавию |
лечимся у Матушки-природы |
| f |
Первые сведения об ответственности |
под ред. Андрея Мохового |
| 210 |
Выходные данные |
__ |
| a |
Место издания |
Москва |
| a |
Место издания |
Санкт-Петербург |
| c |
Издательство |
АСТ |
| c |
Издательство |
Прайм-Еврознак |
| d |
Дата издания |
[2009] |
| 215 |
Физическое описание |
__ |
| a |
Объем |
372 с. |
| 225 |
Серия (Журнальная рубрика) |
__ |
| a |
Серия (Журнальная рубрика) |
Свет. Сила. Добро |
| 330 |
Аннотация |
__ |
| a |
Аннотация |
Книга содержит множество простых, эффективных, проверенных веками рецептов и советов из мирового опыта целительства. |
| 606 |
Тематические рубрики |
__ |
| a |
Основная рубрика |
Здравоохранение. Медицинские науки |
| 606 |
Тематические рубрики |
__ |
| a |
Основная рубрика |
Народная медицина и отдельные системы лечения |
| 610 |
Ключевые слова |
__ |
| a |
Ключевые слова |
знахарство |
| 610 |
Ключевые слова |
__ |
| a |
Ключевые слова |
травники |
| 610 |
Ключевые слова |
__ |
| a |
Ключевые слова |
водолечение |
| 610 |
Ключевые слова |
__ |
| a |
Ключевые слова |
уринотерапия |
| 610 |
Ключевые слова |
__ |
| a |
Ключевые слова |
глинолечение |
| a |
Ключевые слова |
гомеопатия |
| 610 |
Ключевые слова |
__ |
| a |
Ключевые слова |
заговоры |
| 610 |
Ключевые слова |
__ |
| a |
Ключевые слова |
медитации |
| 610 |
Ключевые слова |
__ |
| a |
Ключевые слова |
бронхит |
| 610 |
Ключевые слова |
__ |
| a |
Ключевые слова |
гипертония |
| 610 |
Ключевые слова |
__ |
| a |
Ключевые слова |
бессонница |
| 610 |
Ключевые слова |
__ |
| a |
Ключевые слова |
ароматерапия |
| 686 |
Индексы других классификаций |
__ |
| 2 |
Код системы |
rubbk |
| a |
Индекс ББК |
53.592 |
| 701 |
Альтернативная интеллектуальная ответственность (другие авторы) |
_1 |
| a |
Фамилия |
Моховой |
| b |
Имя |
А. |
| g |
Полное личное имя |
Андрей |
| 801 |
Источник записи |
_0 |
| a |
Страна |
RU |
| b |
Организация |
РГБ |
| c |
Дата составления |
20090311 |
| 801 |
Источник записи |
_1 |
| a |
Страна |
RU |
| b |
Организация |
РГБ |
| c |
Дата составления |
20090311 |
| 801 |
Источник записи |
_2 |
| a |
Страна |
RU |
| b |
Организация |
NLR |
| c |
Дата составления |
20090311 |
| 801 |
Источник записи |
_2 |
| a |
Страна |
RU |
| b |
Организация |
Центральная районная библиотека им. Г. А. Пирожникова |
| c |
Дата составления |
20090311 |
| 852 |
Данные о местонахождении |
__ |
| j |
Шифр хранения |
53.592 |
| i |
Авторский знак |
Б 79 |
| b |
Сигла хранения |
ООЧ |
| 901 |
Тип документа |
__ |
| t |
Тип документа |
m |
| 902 |
Роль лиц |
__ |
| a |
Создатель БЗ |
ОКиО/Ковалева Е. |
| 990 |
Данные о заказе (DOS) |
__ |
| j |
Количество экземпляров (DOS) |
1 |
| h |
N записи в КСУ для Б/У (DOS) |
2014-5 |